[Event "CEDIS Festival saha 2025 - 2. turnir"]
[Site "Podgorica"]
[Date "2025.04.25"]
[Round "1.1"]
[White "Kalac, Hajran"]
[Black "Rasovic, Uros"]
[Result "0-1"]
[WhiteElo "1797"]
[BlackElo "2207"]
[PlyCount "66"]
[EventDate "2025.04.25"]
[EventType "swiss"]
[EventRounds "5"]
[EventCountry "MNE"]
[SourceDate "2025.04.26"]

1. e4 c5 2. c3 Nc6 3. d4 cxd4 4. cxd4 d5 5. Nc3 Nf6 6. e5 Ne4 7. Nf3 Bg4 8. Be2
e6 9. a3 Nxc3 10. bxc3 Be7 11. h3 Bh5 12. O-O O-O 13. a4 Rc8 14. Ba3 Na5 15.
Bxe7 Qxe7 16. Rc1 Qa3 17. Bd3 Rxc3 18. Rxc3 Qxc3 19. Qb1 Bxf3 20. gxf3 Qxd4 21.
Bxh7+ Kh8 22. Re1 g6 23. Qc1 Kxh7 24. Qg5 f6 25. Qg3 Nc4 26. f4 fxe5 27. Rb1
Rf7 28. Qh4+ Kg7 29. Qg4 Qxf4 30. Qxe6 Qxf2+ 31. Kh1 Qf3+ 32. Kg1 Qe3+ 33. Kh1
Qe4+ 0-1

[Event "CEDIS Festival saha 2025 - 2. turnir"]
[Site "Podgorica"]
[Date "2025.04.25"]
[Round "1.2"]
[White "Djukanovic, Sreten"]
[Black "Lakusic, Zoran"]
[Result "1-0"]
[WhiteElo "2106"]
[BlackElo "1737"]
[PlyCount "49"]
[EventDate "2025.04.25"]
[EventType "swiss"]
[EventRounds "5"]
[EventCountry "MNE"]
[SourceDate "2025.04.26"]

1. d4 Nf6 2. c4 e6 3. Nc3 Bb4 4. Qc2 d5 5. Bg5 Nc6 6. e3 h6 7. Bh4 g5 8. Bg3
Ne4 9. Bd3 Nxg3 10. hxg3 Qf6 11. Nge2 Bd7 12. cxd5 exd5 13. a3 Bxc3+ 14. Nxc3
Ne7 15. Qb3 Qb6 16. Qc2 c6 17. b4 Qc7 18. Rc1 Qd6 19. a4 a5 20. bxa5 Rxa5 21.
Qb2 O-O 22. e4 b5 23. e5 Qb8 24. Rxh6 b4 25. Qd2 1-0

[Event "CEDIS Festival saha 2025 - 2. turnir"]
[Site "Podgorica"]
[Date "2025.04.25"]
[Round "1.3"]
[White "Koprivica, Andrija"]
[Black "Abramovic, Dragoljub"]
[Result "1/2-1/2"]
[WhiteElo "1694"]
[BlackElo "2001"]
[PlyCount "165"]
[EventDate "2025.04.25"]
[EventType "swiss"]
[EventRounds "5"]
[EventCountry "MNE"]
[SourceDate "2025.04.26"]

1. e4 c6 2. e5 d5 3. exd6 Qxd6 4. Nc3 Nf6 5. Nf3 Bg4 6. Be2 e5 7. h3 Bh5 8. d3
Be7 9. Be3 Nbd7 10. O-O O-O 11. Ne4 Qc7 12. Nfd2 Bxe2 13. Qxe2 Nd5 14. Bg5 f6
15. Bh4 g5 16. Bg3 f5 17. Nc3 Nxc3 18. bxc3 f4 19. Bh2 Rae8 20. Ne4 Nc5 21. f3
Qa5 22. c4 Nxe4 23. Qxe4 Bc5+ 24. Kh1 Bd4 25. Rab1 Rf7 26. Bg1 Bxg1 27. Rxg1
Qxa2 28. Rgc1 Qa5 29. Ra1 Qd2 30. Qe1 Qxe1+ 31. Rxe1 a6 32. Ra5 Rfe7 33. Ra2
Kf7 34. Rb2 Ke6 35. Rb6 Rd8 36. g3 fxg3 37. Kg2 Rf7 38. Kxg3 Rdf8 39. Re3 Kd6
40. Rb3 a5 41. Ra3 Ra8 42. c5+ Ke6 43. d4 Rf5 44. c4 a4 45. Re4 Ra5 46. Rae3 a3
47. Rxe5+ Rxe5 48. Rxe5+ Kf6 49. Re1 a2 50. Ra1 Kf5 51. d5 cxd5 52. cxd5 Rxc5
53. Rxa2 Rxd5 54. Rb2 b5 55. Rb4 Ke6 56. h4 Kd6 57. hxg5 Rxg5+ 58. Kh4 Rd5 59.
Rg4 Kc5 60. Rg7 h6 61. Rh7 Rf5 62. Kg4 Rf6 63. f4 b4 64. f5 Rb6 65. Rc7+ Kd6
66. Rg7 Ke5 67. Re7+ Kf6 68. Rh7 Ke5 69. Re7+ Kd5 70. Rd7+ Rd6 71. Rb7 Kc5 72.
Kf4 Kc4 73. Ke5 Rd1 74. f6 b3 75. f7 Rf1 76. Ke6 Kc3 77. Ke7 b2 78. f8=Q Rxf8
79. Kxf8 h5 80. Rc7+ Kd2 81. Rb7 Kc1 82. Rc7+ Kb1 83. Rh7 1/2-1/2

[Event "CEDIS Festival saha 2025 - 2. turnir"]
[Site "Podgorica"]
[Date "2025.04.25"]
[Round "1.4"]
[White "Sijaric, Alvir"]
[Black "Sorochenkova, Margarita"]
[Result "1/2-1/2"]
[WhiteElo "1971"]
[BlackElo "1650"]
[PlyCount "106"]
[EventDate "2025.04.25"]
[EventType "swiss"]
[EventRounds "5"]
[EventCountry "MNE"]
[SourceDate "2025.04.26"]

1. d4 d5 2. c4 e6 3. cxd5 exd5 4. Nc3 Nf6 5. Bg5 Be7 6. e3 O-O 7. Bd3 h6 8. Bh4
c6 9. Qc2 Re8 10. Bg3 Nbd7 11. Nge2 c5 12. O-O c4 13. Bf5 Nf8 14. Bxc8 Rxc8 15.
Qf5 Ng6 16. Rfd1 Qb6 17. Rab1 Qe6 18. Qxe6 fxe6 19. b3 b6 20. f3 Bb4 21. e4 a6
22. bxc4 Bxc3 23. Nxc3 Rxc4 24. Be1 b5 25. a3 Nf4 26. Kf1 Rec8 27. g3 Rxc3 28.
Bxc3 Rxc3 29. gxf4 Rxf3+ 30. Kg2 dxe4 31. a4 Nd5 32. axb5 axb5 33. Re1 Nxf4+
34. Kg1 Nh3+ 35. Kg2 Nf4+ 36. Kg1 Nd5 37. Rxb5 Rd3 38. Rxe4 Nc3 39. Rb8+ Kh7
40. Rxe6 Rxd4 41. Rb3 Ne4 42. Re7 Nf6 43. Rf3 Nh5 44. Rf5 Kg6 45. Rf2 Rd1+ 46.
Kg2 Rd4 47. h3 Rd5 48. Kh2 Rc5 49. Re6+ Kh7 50. Re4 Nf6 51. Ref4 Rb5 52. Rf5
Rb4 53. R5f4 Rb5 1/2-1/2

[Event "CEDIS Festival saha 2025 - 2. turnir"]
[Site "Podgorica"]
[Date "2025.04.25"]
[Round "1.5"]
[White "Mitrovic, Danilo"]
[Black "Zivkovic, Slaven"]
[Result "0-1"]
[WhiteElo "1593"]
[BlackElo "1899"]
[PlyCount "62"]
[EventDate "2025.04.25"]
[EventType "swiss"]
[EventRounds "5"]
[EventCountry "MNE"]
[SourceDate "2025.04.26"]

1. d4 Nf6 2. Bf4 d5 3. e3 c5 4. c3 Nc6 5. Nf3 Qb6 6. Qb3 c4 7. Qxb6 axb6 8.
Nbd2 Bf5 9. Be2 h6 10. Ne5 e6 11. h3 Be7 12. O-O O-O 13. Rfe1 Ra5 14. g4 Bh7
15. a3 Rb5 16. b4 Ne4 17. a4 Rxb4 18. cxb4 Nxd2 19. Nxc6 bxc6 20. b5 cxb5 21.
axb5 Bb4 22. Ra4 Nf3+ 23. Bxf3 Bxe1 24. Kf1 Ba5 25. Ke2 Rc8 26. Ra1 Bd3+ 27.
Kd1 c3 28. g5 c2+ 29. Kc1 Bc3 30. Ra2 Bd2+ 31. Kxd2 c1=Q+ 0-1

[Event "CEDIS Festival saha 2025 - 2. turnir"]
[Site "Podgorica"]
[Date "2025.04.25"]
[Round "1.6"]
[White "Cadjenovic, Dragan"]
[Black "Markovic, Janko"]
[Result "1-0"]
[WhiteElo "1864"]
[BlackElo "1516"]
[PlyCount "57"]
[EventDate "2025.04.25"]
[EventType "swiss"]
[EventRounds "5"]
[EventCountry "MNE"]
[SourceDate "2025.04.26"]

1. e4 e6 2. Nc3 d5 3. exd5 exd5 4. d4 Nf6 5. Nf3 Be7 6. Bd3 c5 7. dxc5 Bxc5 8.
O-O d4 9. Re1+ Be6 10. Ne2 Nc6 11. Nf4 Qd7 12. Ng5 Ke7 13. Nfxe6 fxe6 14. Nxe6
Kd6 15. Bf4+ Ne5 16. Nxc5 Kxc5 17. Rxe5+ Kb6 18. c3 Rad8 19. cxd4 Qxd4 20. Be3
Ng4 21. Qxg4 Qxe3 22. Qb4+ Kc7 23. Rxe3 Rhf8 24. Rc1+ Kb8 25. Re7 b6 26. Qe4
Rd7 27. Qe5+ Ka8 28. Be4+ Rb7 29. Bxb7# 1-0

[Event "CEDIS Festival saha 2025 - 2. turnir"]
[Site "Podgorica"]
[Date "2025.04.26"]
[Round "2.1"]
[White "Rasovic, Uros"]
[Black "Cadjenovic, Dragan"]
[Result "1-0"]
[WhiteElo "2207"]
[BlackElo "1864"]
[PlyCount "47"]
[EventDate "2025.04.25"]
[EventType "swiss"]
[EventRounds "5"]
[EventCountry "MNE"]
[SourceDate "2025.04.26"]

1. e4 c5 2. Nf3 d6 3. d4 cxd4 4. Qxd4 Nc6 5. Bb5 Bd7 6. Qd3 Nf6 7. Nc3 a6 8.
Ba4 h6 9. Bf4 Nh5 10. Be3 e6 11. O-O-O b5 12. Bb3 Qc7 13. Rhe1 Nf6 14. Bf4 Ne5
15. Nxe5 dxe5 16. Nd5 exd5 17. Bxe5 Bd6 18. Bxd6 Qxd6 19. e5 Qc5 20. exf6+ Kf8
21. fxg7+ Kxg7 22. Qg3+ Kh7 23. Rxd5 Qc6 24. Qd3+ 1-0

[Event "CEDIS Festival saha 2025 - 2. turnir"]
[Site "Podgorica"]
[Date "2025.04.26"]
[Round "2.2"]
[White "Sorochenkov, Alexander"]
[Black "Djukanovic, Sreten"]
[Result "0-1"]
[WhiteElo "1436"]
[BlackElo "2106"]
[PlyCount "92"]
[EventDate "2025.04.25"]
[EventType "swiss"]
[EventRounds "5"]
[EventCountry "MNE"]
[SourceDate "2025.04.26"]

1. e4 c5 2. Nf3 d6 3. d4 cxd4 4. Qxd4 e5 5. Qd1 Nf6 6. Nc3 Be7 7. Bc4 O-O 8. h3
a6 9. a4 h6 10. O-O Be6 11. Ba2 Nc6 12. Re1 Rc8 13. Bxe6 fxe6 14. Bd2 Qe8 15.
Be3 Nh5 16. Nh2 Nf4 17. Qg4 h5 18. Qg3 Nd4 19. Rac1 Rxc3 20. bxc3 Nde2+ 21. Kh1
Nxg3+ 22. fxg3 Ng6 23. a5 Qc6 24. Bd2 h4 25. g4 Bd8 26. Ra1 d5 27. exd5 Qxd5
28. Nf3 Rxf3 29. gxf3 Qxf3+ 30. Kg1 Be7 31. Be3 Nf4 32. Bxf4 Bc5+ 33. Be3 Bxe3+
34. Rxe3 Qxe3+ 35. Kh2 Qg3+ 36. Kh1 Qxh3+ 37. Kg1 Qg3+ 38. Kh1 h3 39. Rg1 Qf3+
40. Kh2 e4 41. Rg3 Qxg3+ 42. Kxg3 e3 43. Kxh3 e2 44. g5 e1=Q 45. Kg2 Kf7 46.
g6+ Kxg6 0-1

[Event "CEDIS Festival saha 2025 - 2. turnir"]
[Site "Podgorica"]
[Date "2025.04.26"]
[Round "2.3"]
[White "Zivkovic, Slaven"]
[Black "Sijaric, Alvir"]
[Result "1/2-1/2"]
[WhiteElo "1899"]
[BlackElo "1971"]
[PlyCount "80"]
[EventDate "2025.04.25"]
[EventType "swiss"]
[EventRounds "5"]
[EventCountry "MNE"]
[SourceDate "2025.04.26"]

1. e4 c6 2. d4 d5 3. Nc3 dxe4 4. Nxe4 Nd7 5. Nf3 Ngf6 6. Ng3 e6 7. Bc4 Bd6 8.
Qe2 O-O 9. O-O Qc7 10. Re1 c5 11. Bb3 b6 12. c3 Bb7 13. dxc5 bxc5 14. Bd2 Bf4
15. Rad1 Rab8 16. Bxf4 Qxf4 17. Nd2 Nb6 18. Nge4 Nxe4 19. Nxe4 Bxe4 20. Qxe4
Qxe4 21. Rxe4 Rfd8 22. Rxd8+ Rxd8 23. Kf1 Rd2 24. Re2 Rxe2 25. Kxe2 Kf8 26. Kd3
Ke7 27. Bc2 a5 28. a3 Kd6 29. b4 axb4 30. cxb4 cxb4 31. axb4 h6 32. Bd1 Ke5 33.
Bf3 Kd6 34. Kc3 f5 35. g4 g6 36. h3 e5 37. gxf5 gxf5 38. Bb7 Kc7 39. Bf3 Kd6
40. Bb7 Kc7 1/2-1/2

[Event "CEDIS Festival saha 2025 - 2. turnir"]
[Site "Podgorica"]
[Date "2025.04.26"]
[Round "2.4"]
[White "Abramovic, Dragoljub"]
[Black "Pavlovic, David"]
[Result "1/2-1/2"]
[WhiteElo "2001"]
[BlackElo "1558"]
[PlyCount "128"]
[EventDate "2025.04.25"]
[EventType "swiss"]
[EventRounds "5"]
[EventCountry "MNE"]
[SourceDate "2025.04.26"]

1. e4 e5 2. Nf3 Nc6 3. Bb5 a6 4. Bxc6 dxc6 5. d3 Bd6 6. h3 Ne7 7. Be3 Be6 8.
Ng5 Qd7 9. Nd2 h6 10. Nxe6 Qxe6 11. a4 Ng6 12. Nb3 Nf4 13. Bxf4 exf4 14. Qg4
Qxg4 15. hxg4 O-O-O 16. Ke2 Be5 17. c3 g5 18. d4 Bg7 19. Rad1 Rhe8 20. Kf3 b6
21. Rhe1 a5 22. Rd2 Re7 23. Rde2 Rde8 24. e5 Kd7 25. Nd2 f6 26. exf6 Bxf6 27.
Ne4 Bg7 28. b3 Re6 29. Rd1 Kc8 30. Rde1 Kd7 31. Rd1 Kc8 32. c4 Rd8 33. d5 cxd5
34. cxd5 Rg6 35. Rc2 Be5 36. Re2 Bd6 37. Nd2 Rf6 38. Nc4 Bc5 39. Rdd2 Bb4 40.
Rd3 Bc5 41. Re5 Rdf8 42. Nd2 Bd6 43. Re2 Kd7 44. Ne4 Rg6 45. Nc3 Rgf6 46. Nb5
Rg6 47. Nd4 Rgf6 48. Rd1 Bb4 49. Nc6 Bd6 50. Rde1 Bc5 51. Re6 Bd6 52. Nd4 Bc5
53. Nb5 R8f7 54. Na7 Rf8 55. Nb5 R8f7 56. R1e2 Rf8 57. R2e5 R8f7 58. Nc3 Bd4
59. Ne4 Bxe5 60. Rxe5 Rg6 61. Nd2 Rgf6 62. Ne4 Rg6 63. Nd2 Rgf6 64. Ne4 Rg6
1/2-1/2

[Event "CEDIS Festival saha 2025 - 2. turnir"]
[Site "Podgorica"]
[Date "2025.04.26"]
[Round "2.5"]
[White "Matovic, Milan"]
[Black "Koprivica, Andrija"]
[Result "0-1"]
[WhiteElo "1734"]
[BlackElo "1694"]
[PlyCount "150"]
[EventDate "2025.04.25"]
[EventType "swiss"]
[EventRounds "5"]
[EventCountry "MNE"]
[SourceDate "2025.04.26"]

1. e4 c5 2. Nf3 e6 3. Nc3 d5 4. exd5 exd5 5. d4 Nf6 6. h3 h6 7. Bd3 Be6 8. Be3
c4 9. Be2 a6 10. O-O Bd6 11. Ne5 Nc6 12. f4 Qc7 13. f5 Bxe5 14. fxe6 Bh2+ 15.
Kh1 fxe6 16. Bh5+ Ke7 17. Qe2 Raf8 18. Rxf6 Rxf6 19. Nxd5+ exd5 20. Bg5+ Kd8
21. Bxf6+ gxf6 22. Qe6 Rf8 23. Qxd5+ Bd6 24. Qxc4 Qg7 25. Qd3 Qg3 26. Qxg3 Bxg3
27. c3 Rg8 28. Rf1 Rg5 29. Bf3 f5 30. Rd1 f4 31. b3 Rg7 32. Kg1 Re7 33. Kf1 Re3
34. c4 Kc7 35. Be2 Re4 36. d5 Nd4 37. Bd3 Re3 38. Bg6 f3 39. gxf3 Nxf3 40. Rd3
Rxd3 41. Bxd3 Ne5 42. Bc2 Kd6 43. Ke2 Kc5 44. a3 Kd4 45. Kd1 Bf4 46. Bf5 b6 47.
Kc2 Nf7 48. a4 a5 49. Bg6 Ng5 50. h4 Nf3 51. h5 Ne1+ 52. Kb2 Be5 53. Ka2 Kc5
54. Bh7 Kb4 55. Bg6 Ng2 56. Be8 Nf4 57. Bf7 Nd3 58. Be8 Nc1+ 59. Kb1 Nxb3 60.
Bb5 Nd4 61. Be8 Kxc4 62. Bf7 Bd6 63. Kc1 Nf5 64. Kd2 Ne7 65. Ke3 b5 66. axb5
Kxb5 67. Kd3 Kc5 68. Kc3 Nxd5+ 69. Kb3 Kd4 70. Ka4 Bb4 71. Kb3 Nf6 72. Kc2 Ke5
73. Kd3 Kf5 74. Ke3 Kg5 75. Kf3 Nxh5 0-1

[Event "CEDIS Festival saha 2025 - 2. turnir"]
[Site "Podgorica"]
[Date "2025.04.26"]
[Round "2.6"]
[White "Sorochenkova, Margarita"]
[Black "Kalac, Hajran"]
[Result "1/2-1/2"]
[WhiteElo "1650"]
[BlackElo "1797"]
[PlyCount "111"]
[EventDate "2025.04.25"]
[EventType "swiss"]
[EventRounds "5"]
[EventCountry "MNE"]
[SourceDate "2025.04.26"]

1. e4 Nc6 2. d4 e5 3. d5 Nce7 4. Nf3 Ng6 5. h4 h5 6. Nc3 Bb4 7. Qd3 Nf6 8. Bd2
a5 9. a3 Bc5 10. Bg5 d6 11. g3 Bg4 12. Nd2 Nf8 13. f3 Bd7 14. Be2 N8h7 15.
O-O-O g6 16. Rdf1 Nxg5 17. hxg5 Nh7 18. f4 f5 19. gxf6 Qxf6 20. Kb1 Nf8 21. Nc4
b5 22. Nxe5 dxe5 23. Nxb5 Qb6 24. fxe5 Qxb5 25. Qxb5 Bxb5 26. Bxb5+ Ke7 27. Bc6
Rb8 28. e6 Rh7 29. Ka2 Rb6 30. Ba4 Bd4 31. c3 Be5 32. Rf3 Nxe6 33. dxe6 Rxe6
34. Rhf1 Rf6 35. Rxf6 Bxf6 36. Rd1 Rg7 37. Rd5 Kf8 38. Rxa5 Re7 39. Ra8+ Kg7
40. Bc6 Be5 41. Re8 Rxe8 42. Bxe8 Bxg3 43. a4 h4 44. e5 Bxe5 45. a5 c5 46. b4
cxb4 47. cxb4 Bc7 48. Kb3 h3 49. Bc6 Kf6 50. a6 Bb6 51. Kc4 Ke7 52. Kb5 Bf2 53.
Ka5 Kd6 54. Kb5 Kc7 55. Bf3 g5 56. Kc4 1/2-1/2

[Event "CEDIS Festival saha 2025 - 2. turnir"]
[Site "Podgorica"]
[Date "2025.04.26"]
[Round "2.7"]
[White "Lakusic, Zoran"]
[Black "Mitrovic, Danilo"]
[Result "0-1"]
[WhiteElo "1737"]
[BlackElo "1593"]
[PlyCount "82"]
[EventDate "2025.04.25"]
[EventType "swiss"]
[EventRounds "5"]
[EventCountry "MNE"]
[SourceDate "2025.04.26"]

1. Nf3 c6 2. c4 d5 3. d4 Nf6 4. Nc3 Bf5 5. Ne5 Nbd7 6. Qb3 Qb6 7. Qxb6 Nxb6 8.
c5 Nbd7 9. Nxd7 Kxd7 10. f3 h5 11. Bg5 Nh7 12. h4 Nxg5 13. hxg5 e5 14. dxe5
Bxc5 15. g3 Bd4 16. f4 b5 17. Bh3 Bxh3 18. Rxh3 b4 19. Nd1 a5 20. e3 Bc5 21.
Ke2 g6 22. Nf2 a4 23. Rah1 Rh7 24. g4 Rah8 25. gxh5 Rxh5 26. Rxh5 gxh5 27. Ng4
Ke6 28. Nh6 b3 29. a3 Rd8 30. Rc1 Bf8 31. Rxc6+ Kd7 32. Nxf7 Kxc6 33. Nxd8+ Kd7
34. Nf7 Bxa3 35. g6 Ke8 36. Nd6+ Kf8 37. Nf5 Bxb2 38. g7+ Kg8 39. e6 Bxg7 40.
Nxg7 Kxg7 41. Kd3 h4 0-1

[Event "CEDIS Festival saha 2025 - 2. turnir"]
[Site "Podgorica"]
[Date "2025.04.26"]
[Round "3.1"]
[White "Djukanovic, Sreten"]
[Black "Rasovic, Uros"]
[Result "0-1"]
[WhiteElo "2106"]
[BlackElo "2207"]
[PlyCount "46"]
[EventDate "2025.04.25"]
[EventType "swiss"]
[EventRounds "5"]
[EventCountry "MNE"]
[SourceDate "2025.04.26"]

1. d4 Nf6 2. c4 e6 3. Nc3 Bb4 4. e3 b6 5. Bd3 Bb7 6. Nge2 Bxg2 7. Rg1 Be4 8.
Bxe4 Nxe4 9. Bd2 Nxd2 10. Kxd2 Qf6 11. f4 Nc6 12. Qa4 O-O 13. Rg5 Bxc3+ 14.
Nxc3 Nxd4 15. Qd1 Nf5 16. Qf3 h6 17. Rg4 d5 18. Rag1 g6 19. Kc1 Kh7 20. cxd5
exd5 21. Nxd5 Qc6+ 22. Kb1 Nxe3 23. Qxe3 Qxd5 0-1

[Event "CEDIS Festival saha 2025 - 2. turnir"]
[Site "Podgorica"]
[Date "2025.04.26"]
[Round "3.2"]
[White "Koprivica, Andrija"]
[Black "Zivkovic, Slaven"]
[Result "0-1"]
[WhiteElo "1694"]
[BlackElo "1899"]
[PlyCount "88"]
[EventDate "2025.04.25"]
[EventType "swiss"]
[EventRounds "5"]
[EventCountry "MNE"]
[SourceDate "2025.04.26"]

1. e4 e5 2. Nc3 Nf6 3. Bc4 Nc6 4. d3 Bc5 5. f4 d6 6. f5 Nd4 7. Nf3 c6 8. Nxd4
exd4 9. Na4 Qa5+ 10. c3 b5 11. Nxc5 bxc4 12. b4 cxb3 13. Nxb3 Qxc3+ 14. Qd2 Ba6
15. Qxc3 dxc3 16. Bg5 Bxd3 17. Bxf6 gxf6 18. O-O-O Bxe4 19. Rxd6 O-O 20. Rxf6
Rab8 21. Re1 Rfe8 22. Re3 c2 23. Rg3+ Kf8 24. Rd6 Bxf5 25. Rxc6 Re1+ 26. Kd2
Rd1+ 27. Ke2 Rxb3 28. Rxb3 c1=Q 29. Rb8+ Kg7 30. Rxc1 Rxc1 31. a4 Rc4 32. a5
Rc5 33. a6 Ra5 34. Ke3 Rxa6 35. h3 Ra2 36. g4 Bg6 37. Kf4 h5 38. h4 hxg4 39.
Kxg4 a5 40. h5 Bd3 41. Kg5 Rg2+ 42. Kf4 a4 43. Ra8 Bc2 44. Ke5 Rg5+ 0-1

[Event "CEDIS Festival saha 2025 - 2. turnir"]
[Site "Podgorica"]
[Date "2025.04.26"]
[Round "3.3"]
[White "Cadjenovic, Dragan"]
[Black "Abramovic, Dragoljub"]
[Result "0-1"]
[WhiteElo "1864"]
[BlackElo "2001"]
[PlyCount "98"]
[EventDate "2025.04.25"]
[EventType "swiss"]
[EventRounds "5"]
[EventCountry "MNE"]
[SourceDate "2025.04.26"]

1. e4 c6 2. d4 d5 3. e5 Bf5 4. Bd3 e6 5. Bxf5 exf5 6. Nf3 Na6 7. O-O Nc7 8. Re1
Ne6 9. Qd3 g6 10. Nbd2 Ne7 11. Nh4 Nc8 12. g3 Be7 13. Ndf3 a5 14. Bh6 Qb6 15.
c3 Na7 16. Qd2 Nb5 17. Ng5 Nbc7 18. Nhf3 Nxg5 19. Nxg5 Ne6 20. Nxe6 fxe6 21.
Rab1 Qd8 22. Qe2 Kd7 23. c4 dxc4 24. Qxc4 g5 25. f4 gxf4 26. Bxf4 Qb6 27. Be3
Qa6 28. Qc2 Qb5 29. b3 Qd5 30. Qc4 h5 31. Qxd5+ cxd5 32. Rec1 Ba3 33. Rc2 Rhc8
34. Re2 Ra6 35. Rf1 Rac6 36. Kg2 Rc3 37. Rf4 Be7 38. Rff2 Rd3 39. Rf1 Rcc3 40.
Bf2 b6 41. Rfe1 Bg5 42. Rb2 Kc6 43. Ree2 Kb5 44. Rbc2 Rxc2 45. Rxc2 Rd2 46. a4+
Kb4 47. Rc6 Be3 48. Rxe6 Rxf2+ 49. Kh3 Bxd4 0-1

[Event "CEDIS Festival saha 2025 - 2. turnir"]
[Site "Podgorica"]
[Date "2025.04.26"]
[Round "3.4"]
[White "Sijaric, Alvir"]
[Black "Sorochenkov, Alexander"]
[Result "1-0"]
[WhiteElo "1971"]
[BlackElo "1436"]
[PlyCount "69"]
[EventDate "2025.04.25"]
[EventType "swiss"]
[EventRounds "5"]
[EventCountry "MNE"]
[SourceDate "2025.04.26"]

1. d4 Nf6 2. c4 e6 3. g3 Bb4+ 4. Bd2 Bxd2+ 5. Qxd2 O-O 6. Bg2 d5 7. Nc3 Re8 8.
Nf3 c6 9. b3 Nbd7 10. O-O b6 11. Rfe1 Bb7 12. Ne5 h6 13. Rad1 Qc7 14. Nxd7 Qxd7
15. e4 Rac8 16. e5 Nh7 17. h4 Qe7 18. cxd5 cxd5 19. Nb5 Ra8 20. Rc1 Rec8 21.
Nd6 Rxc1 22. Rxc1 Nf8 23. Bf1 a6 24. Rc3 Rd8 25. Qc1 Rd7 26. a4 Rxd6 27. exd6
Qxd6 28. Rc7 Ba8 29. Rc8 Bb7 30. Qc7 Qxc7 31. Rxc7 Ba8 32. Bxa6 g6 33. Bb5 Kg7
34. Ra7 Nh7 35. Rxa8 1-0

[Event "CEDIS Festival saha 2025 - 2. turnir"]
[Site "Podgorica"]
[Date "2025.04.26"]
[Round "3.5"]
[White "Pavlovic, David"]
[Black "Sorochenkova, Margarita"]
[Result "1/2-1/2"]
[WhiteElo "1558"]
[BlackElo "1650"]
[PlyCount "54"]
[EventDate "2025.04.25"]
[EventType "swiss"]
[EventRounds "5"]
[EventCountry "MNE"]
[SourceDate "2025.04.26"]

1. e4 e5 2. Nf3 Nc6 3. Bc4 Nf6 4. d3 Bc5 5. Nc3 h6 6. h3 d6 7. Bd2 Na5 8. Bb3
Nxb3 9. axb3 O-O 10. g4 Nh7 11. Rg1 Ng5 12. Nxg5 hxg5 13. Qf3 Qf6 14. Qxf6 gxf6
15. Nd5 Kg7 16. Nxc7 Rb8 17. Nd5 Rh8 18. Rg3 Be6 19. Ne3 a6 20. Ke2 Bxe3 21.
Bxe3 Rh4 22. Rh1 Rbh8 23. f3 d5 24. Bd2 Rc8 25. Rc1 d4 26. b4 Rch8 27. Rh1 Rc8
1/2-1/2

[Event "CEDIS Festival saha 2025 - 2. turnir"]
[Site "Podgorica"]
[Date "2025.04.26"]
[Round "3.6"]
[White "Mitrovic, Danilo"]
[Black "Matovic, Milan"]
[Result "1/2-1/2"]
[WhiteElo "1593"]
[BlackElo "1734"]
[PlyCount "101"]
[EventDate "2025.04.25"]
[EventType "swiss"]
[EventRounds "5"]
[EventCountry "MNE"]
[SourceDate "2025.04.26"]

1. d4 Nf6 2. Bf4 g6 3. e3 Bg7 4. Nd2 O-O 5. Ngf3 d6 6. h3 Nbd7 7. Bc4 c5 8. c3
a6 9. a4 b6 10. O-O Bb7 11. Re1 b5 12. axb5 axb5 13. Bxb5 Rxa1 14. Qxa1 Qb6 15.
Be2 Ra8 16. Qc1 Bd5 17. Bc4 Bxc4 18. Nxc4 Qb5 19. Ncd2 Ra2 20. b4 cxb4 21. cxb4
Qxb4 22. Bg5 h6 23. Bxf6 Nxf6 24. Qc4 Qxc4 25. Nxc4 Ne4 26. Rf1 Kf8 27. Ne1 d5
28. Nb6 Nd2 29. Nd3 Nxf1 30. Kxf1 e6 31. Nd7+ Ke7 32. N7c5 h5 33. Nb4 Ra1+ 34.
Ke2 Kf6 35. Nbd3 Kf5 36. Kf3 Rg1 37. Nb7 Bf8 38. Nd8 f6 39. g4+ hxg4+ 40. hxg4+
Rxg4 41. Nxe6 Bh6 42. Nc7 Rg1 43. Nxd5 Ke6 44. e4 g5 45. Nc5+ Kf7 46. Nb7 g4+
47. Ke2 Bg5 48. Nd6+ Ke6 49. Nf5 Ra1 50. Nc7+ Kd7 51. Nd5 1/2-1/2

[Event "CEDIS Festival saha 2025 - 2. turnir"]
[Site "Podgorica"]
[Date "2025.04.26"]
[Round "3.7"]
[White "Markovic, Janko"]
[Black "Kalac, Hajran"]
[Result "0-1"]
[WhiteElo "1516"]
[BlackElo "1797"]
[PlyCount "128"]
[EventDate "2025.04.25"]
[EventType "swiss"]
[EventRounds "5"]
[EventCountry "MNE"]
[SourceDate "2025.04.26"]

1. e4 Nc6 2. d4 e5 3. d5 Nce7 4. Nf3 Ng6 5. Nc3 Bb4 6. Bd2 Nf6 7. Bd3 d6 8. a3
Bxc3 9. Bxc3 Nf4 10. O-O O-O 11. Re1 b6 12. Bb5 Bg4 13. Bc6 Rb8 14. Bd2 Ng6 15.
h3 Bc8 16. b4 Nd7 17. Bg5 f6 18. Bd2 Ne7 19. c4 Ba6 20. b5 Bc8 21. a4 a5 22. g4
Nc5 23. Qc2 Ng6 24. Be3 Qe7 25. Bxc5 dxc5 26. Rad1 Qd6 27. Rd2 Nf4 28. Kh2 h5
29. Nh4 hxg4 30. hxg4 g5 31. Nf5 Bxf5 32. exf5 Kg7 33. Rh1 Rh8+ 34. Kg1 Rxh1+
35. Kxh1 Rh8+ 36. Kg1 Rh4 37. f3 Qf8 38. Rh2 Qh8 39. Qd2 Rxh2 40. Qxh2 Qxh2+
41. Kxh2 Kf8 42. d6 cxd6 43. Be4 Ne2 44. Kg2 Ke7 45. Kf2 Nc3 46. Bc2 d5 47.
cxd5 Nxd5 48. Ke2 Kd6 49. Kd3 Nb4+ 50. Kc3 Nxc2 51. Kxc2 Kd5 52. Kd3 c4+ 53.
Kd2 Kd4 54. Kc2 c3 55. Kd1 Kd3 56. Kc1 c2 57. f4 exf4 58. Kb2 Kd2 59. Ka2 c1=Q
60. Kb3 Qc3+ 61. Ka2 f3 62. Kb1 Qb4+ 63. Ka1 Kc2 64. Ka2 Qxa4# 0-1

[Event "CEDIS Festival saha 2025 - 2. turnir"]
[Site "Podgorica"]
[Date "2025.04.27"]
[Round "4.2"]
[White "Abramovic, Dragoljub"]
[Black "Djukanovic, Sreten"]
[Result "0-1"]
[WhiteElo "2001"]
[BlackElo "2106"]
[PlyCount "70"]
[EventDate "2025.04.25"]
[EventType "swiss"]
[EventRounds "5"]
[EventCountry "MNE"]
[SourceDate "2025.04.26"]

1. e4 d6 2. b3 Nf6 3. Nc3 g6 4. Bb2 Bg7 5. Nd5 Nbd7 6. Nf3 O-O 7. Nxf6+ Nxf6 8.
Bd3 e5 9. c3 d5 10. Qc2 dxe4 11. Bxe4 Nxe4 12. Qxe4 Bf5 13. Qe3 Bd3 14. O-O-O
Re8 15. Ne1 e4 16. Nc2 b5 17. Ba3 a5 18. Bc5 Qd5 19. Bd4 Bf8 20. Qf4 c5 21. Bf6
Bxc2 22. Kxc2 Qd3+ 23. Kb2 a4 24. Qe3 Qd6 25. Bg5 b4 26. Bf4 Qa6 27. cxb4 Bg7+
28. Kc2 axb3+ 29. Qxb3 c4 30. Qb1 Qa4+ 31. Kc1 Qa3+ 32. Kc2 Qxa2+ 33. Kc1 Qa3+
34. Kc2 Qd3+ 35. Kc1 Ra1 0-1

[Event "CEDIS Festival saha 2025 - 2. turnir"]
[Site "Podgorica"]
[Date "2025.04.27"]
[Round "4.3"]
[White "Pavlovic, David"]
[Black "Sijaric, Alvir"]
[Result "0-1"]
[WhiteElo "1558"]
[BlackElo "1971"]
[PlyCount "142"]
[EventDate "2025.04.25"]
[EventType "swiss"]
[EventRounds "5"]
[EventCountry "MNE"]
[SourceDate "2025.04.26"]

1. e4 c6 2. d4 d5 3. exd5 cxd5 4. Nf3 Nf6 5. Be2 Bf5 6. O-O Nc6 7. Be3 e6 8. a3
Bd6 9. Nbd2 O-O 10. Rc1 Rc8 11. Nb3 Ne4 12. c4 dxc4 13. Bxc4 Na5 14. Nxa5 Qxa5
15. Be2 h6 16. Qb3 a6 17. Qxb7 Ra8 18. Bd3 Nf6 19. Bd2 Qa4 20. Bxf5 exf5 21.
Qc6 Qxc6 22. Rxc6 Ne4 23. Ba5 Rfb8 24. b4 Rb5 25. Rfc1 Kh7 26. g3 Rd5 27. Bc7
Bf8 28. Bf4 g5 29. Be3 Bg7 30. Rb6 a5 31. b5 a4 32. Rc4 Ra5 33. Kg2 Bf8 34. Bc1
Nd6 35. Rcc6 Nxb5 36. Bd2 Ra7 37. Ra6 Rxa6 38. Rxa6 Nxd4 39. Nxd4 Rxd4 40. Be3
Rc4 41. h3 Bxa3 42. h4 f4 43. gxf4 gxf4 44. Bd2 Bb2 45. Kf3 Be5 46. Ra5 f6 47.
h5 Rd4 48. Ke2 f3+ 49. Ke3 Rh4 50. Kxf3 Rxh5 51. Rxa4 Rh3+ 52. Kg2 Rd3 53. Be3
Kg6 54. Rh4 h5 55. Rh3 f5 56. Rh4 Bf6 57. Rc4 Rd6 58. Bf4 Re6 59. Bg3 Ra6 60.
Rc8 Ra4 61. Rc6 f4 62. Bh2 Kf5 63. Rc8 Bg5 64. Rh8 Kg4 65. Rf8 Ra2 66. Rf7 h4
67. Kf1 Kf3 68. Ke1 Re2+ 69. Kf1 Rxf2+ 70. Kg1 Ra2 71. Bxf4 Bxf4 0-1